000 00272nam a22001217a 4500
082 _a823
_bNAY/R
100 _aNAYLOR, PHYLLIS REYNOLDS
245 _aRELUCTANTLY ALICE
260 _aNEW YORK
_bYEARLING
_c1991
300 _a182
650 _aNOVEL
_zUNITED STATES
942 _cBK
999 _c3592
_d3592